<?xml version="1.0" encoding="UTF-8"?>
<record
    xmlns:xsi="http://www.w3.org/2001/XMLSchema-instance"
    xsi:schemaLocation="http://www.loc.gov/MARC21/slim http://www.loc.gov/standards/marcxml/schema/MARC21slim.xsd"
    xmlns="http://www.loc.gov/MARC21/slim">

  <leader>00879nam a2200265 a 4500</leader>
  <controlfield tag="001">BRL_208</controlfield>
  <controlfield tag="005">20190320210633.0</controlfield>
  <controlfield tag="008">780822s1976----mx-a######---#000-0#spa-#</controlfield>
  <datafield tag="041" ind1=" " ind2=" ">
    <subfield code="a">spa</subfield>
  </datafield>
  <datafield tag="044" ind1=" " ind2=" ">
    <subfield code="a">mx</subfield>
  </datafield>
  <datafield tag="050" ind1=" " ind2="4">
    <subfield code="a">F1219</subfield>
    <subfield code="b">.C66 2 1976</subfield>
  </datafield>
  <datafield tag="245" ind1="1" ind2="0">
    <subfield code="a">Comunicaciones II / 1976, suplemento</subfield>
    <subfield code="b">Proyecto Puebla Tlaxcala.</subfield>
  </datafield>
  <datafield tag="260" ind1=" " ind2=" ">
    <subfield code="a">Puebla, M&#xE9;xico</subfield>
    <subfield code="b">Fundaci&#xF3;n Alemana para la Investigaci&#xF3;n Cient&#xED;fica</subfield>
    <subfield code="c">1976</subfield>
  </datafield>
  <datafield tag="300" ind1=" " ind2=" ">
    <subfield code="a">74 p.</subfield>
    <subfield code="b">il., planos</subfield>
    <subfield code="c">28 cm.</subfield>
  </datafield>
  <datafield tag="500" ind1=" " ind2=" ">
    <subfield code="a">Au268</subfield>
  </datafield>
  <datafield tag="504" ind1=" " ind2=" ">
    <subfield code="a">Incluye referencias bibliogr&#xE1;ficas</subfield>
  </datafield>
  <datafield tag="505" ind1="0" ind2=" ">
    <subfield code="a">Primera parte. La arqueolog&#xED;a del sur-oeste de Tlaxcala</subfield>
  </datafield>
  <datafield tag="650" ind1="1" ind2="4">
    <subfield code="a">Ind&#xED;genas de M&#xE9;xico</subfield>
    <subfield code="x">Antig&#xFC;edades</subfield>
    <subfield code="9">509</subfield>
  </datafield>
  <datafield tag="650" ind1="1" ind2="4">
    <subfield code="a">Geolog&#xED;a</subfield>
    <subfield code="z">M&#xE9;xico</subfield>
    <subfield code="9">5672</subfield>
  </datafield>
  <datafield tag="651" ind1=" " ind2="4">
    <subfield code="a">M&#xE9;xico</subfield>
    <subfield code="x">Antig&#xFC;edades</subfield>
    <subfield code="9">2765</subfield>
  </datafield>
  <datafield tag="651" ind1=" " ind2="4">
    <subfield code="a">Puebla (M&#xE9;xico : Estado)</subfield>
    <subfield code="9">23229</subfield>
  </datafield>
  <datafield tag="651" ind1=" " ind2="4">
    <subfield code="a">Tlaxcala (M&#xE9;xico : Estado)</subfield>
    <subfield code="9">23230</subfield>
  </datafield>
  <datafield tag="902" ind1=" " ind2=" ">
    <subfield code="a">GRL</subfield>
  </datafield>
  <datafield tag="942" ind1=" " ind2=" ">
    <subfield code="2">lcc</subfield>
    <subfield code="c">B</subfield>
  </datafield>
  <datafield tag="999" ind1=" " ind2=" ">
    <subfield code="c">9021</subfield>
    <subfield code="d">9021</subfield>
  </datafield>
  <datafield tag="952" ind1=" " ind2=" ">
    <subfield code="0">0</subfield>
    <subfield code="1">0</subfield>
    <subfield code="4">0</subfield>
    <subfield code="7">0</subfield>
    <subfield code="a">BRL</subfield>
    <subfield code="b">BRL</subfield>
    <subfield code="d">2012-12-18</subfield>
    <subfield code="i">Au268</subfield>
    <subfield code="l">0</subfield>
    <subfield code="o">F1219 .C66 2 1976 (Au268)</subfield>
    <subfield code="p">GRL00221</subfield>
    <subfield code="r">2019-03-22 00:00:00</subfield>
    <subfield code="w">2019-03-22</subfield>
    <subfield code="y">B</subfield>
  </datafield>
</record>
